000 00813nam a2200205Ii 4500
003 JO-AjNU
008 230605s9999||||xx |||||||||||||| ||und||
040 _aJO-AjNU
_bara
_erda
_cJO-AjNU
041 _aara
050 1 4 _aBP135 .A2.N3825 2010
100 3 _aتاليف بن محمد، أبي عبد الرحمن فوزي بن عبدالله؛ فهرست أم عبدالله بنت أحمد الجودر,
_eauthor
_918816
245 0 0 _aالأضواء السماوية في تخريج أحاديث الأربعين النووية
250 _aط1
264 3 1 _aعمان: المكتبة الاسلامية، 2010
300 _a251ص
336 _atext
_btxt
_2rdacontent
337 _aunmediated
_bn
_2rdamedia
338 _avolume
_bnc
_2rdacarrier
650 4 _aالاسلام - الاربعين حديثا
_918817
999 _aA6089
_c9657
_d9657